000 01636nam a2200301Ia 4500
999 _c54967
_d54967
001 22038
003 GE_BSU
005 20220929114442.0
008 181216s2007||||ge |||||||||||||| ||geo||
020 _a9789941130489
040 _cGE_BSU
041 _ageo
080 _a81 ქ-88
100 _aქურდიანი, მიხეილ
_914893
245 _aიბერიულ-კავკასიური ენათმეცნიერების საფუძვლები = Grundlagen der Iberisch-Kaukasischen Sprachwissenschaft = Основы Иберийско-Кавказского языкознания = Basis of Iberian-Caucasian /
_cმიხეილ ქურდიანი ; ა. არაბულის რედაქციითა და წინასიტყვაობით.
264 _aთბილისი :
_bუნივერსიტეტის გამომცემლობა,
_c2007.
300 _a1039,[1] გვ. ;
_c24 სმ.
541 _h69ლ.
653 _aიბერიულ-კავკასიური ენათმეცნიერების საფუძვლები
653 _aლინგვისტიკა
653 _aენათმეცნიერება
653 _aლინგვისტიკის ისტორია
653 _aინდო-ევროპული ენები
653 _aქართველური ენები
653 _a ბასკური ჯგუფი
700 _aარაბული, ა.
_eრედაქტორი
_94060
942 _cBK
_2udc